[Event "Open Vysočina 2017"]
[Site "Třebíč"]
[Date "2017.09.29"]
[Round "8"]
[White "Brasoy, Aksel"]
[Black "Oburka, Vladislav"]
[Result "1-0"]
[WhiteElo "1964"]
[BlackElo "1808"]
[PlyCount "105"]
[EventDate "2017.09.23"]

1. d4 Nf6 2. c4 e6 3. Nc3 Bb4 4. e3 O-O 5. Bd3 d5 6. a3 Bxc3+ 7. bxc3 dxc4 8.
Bxc4 Nbd7 9. Ne2 c5 10. O-O b6 11. f3 Qe7 12. e4 Bb7 13. Be3 Rac8 14. Qb3 cxd4
15. cxd4 h6 16. Rfd1 Ne8 17. Rac1 Nd6 18. Bd3 Rxc1 19. Rxc1 Rc8 20. Rxc8+ Nxc8
21. Qc3 Nb8 22. Bc1 Qd7 23. Bb2 Qc6 24. Qxc6 Bxc6 25. Nc3 Nd6 26. Kf2 Nd7 27.
g4 f6 28. h4 Kf7 29. h5 Ke7 30. Ke2 Bb7 31. Nb5 Nxb5 32. Bxb5 a6 33. Bc4 b5 34.
Bb3 Nb6 35. Bc3 Nd7 36. Bb4+ Kf7 37. Ke3 Nb6 38. Kd3 Bc6 39. f4 Nc4 40. f5 exf5
41. gxf5 Ke8 42. d5 Bd7 43. Kd4 a5 44. Bc5 Nd2 45. Bd1 a4 46. Bb4 Nc4 47. Be2
Bc8 48. Kc5 Bb7 49. Kxb5 Ne3 50. Kxa4 Nxd5 51. exd5 Bxd5 52. Ka5 Be4 53. Bg4
1-0

[Event "Open Vysočina 2017"]
[Site "Třebíč"]
[Date "2017.09.29"]
[Round "8"]
[White "Privoznik, Lubos"]
[Black "Haag, Guenter"]
[Result "0-1"]
[WhiteElo "1658"]
[BlackElo "1978"]
[PlyCount "70"]
[EventDate "2017.09.23"]

1. e4 {[%emt 0:00:00]} c5 2. Nf3 a6 3. d4 cxd4 4. Nxd4 Nf6 5. Nc3 e5 6. Nf3 Bb4
7. Bd2 d6 8. Bd3 Nbd7 9. h3 Nc5 10. Qe2 Qc7 11. a3 Bxc3 12. Bxc3 Na4 13. Bb4
Nxb2 14. O-O a5 15. Bd2 Na4 16. Ng5 h6 17. Nf3 Nc5 18. Nh4 g5 19. Nf3 Rg8 20.
Ne1 Ne6 21. c3 Nf4 22. Qf3 g4 23. Bb5+ Ke7 24. Qe3 gxh3 25. g3 Ng4 26. Qf3 h2+
27. Kh1 Nh3 28. Ng2 Qc5 29. Ne3 Qxb5 30. Nd5+ Kf8 31. Nc7 Qc6 32. Nxa8 Rg6 33.
Be3 Rf6 34. Qe2 Qxe4+ 35. f3 Qxe3 0-1

[Event "Open Vysočina 2017"]
[Site "Třebíč"]
[Date "2017.09.29"]
[Round "8"]
[White "Navratilova, Alena"]
[Black "Svoboda, Ivo"]
[Result "0-1"]
[WhiteElo "1692"]
[BlackElo "1949"]
[PlyCount "68"]
[EventDate "2017.09.23"]

1. Nf3 {[%emt 0:00:00]} Nf6 2. d4 g6 3. g3 Bg7 4. Bg2 O-O 5. O-O d6 6. Nc3 Nbd7
7. Rb1 e5 8. dxe5 dxe5 9. e4 c6 10. b3 Qc7 11. Bb2 Re8 12. Re1 Nc5 13. Qe2 b6
14. Red1 Ba6 15. Qe1 Rad8 16. b4 Ne6 17. Rxd8 Rxd8 18. Rd1 Nd4 19. Nxd4 exd4
20. Ne2 c5 21. bxc5 bxc5 22. Nf4 Bc4 23. a3 Re8 24. f3 h5 25. Nd3 Nd5 26. Qd2
Ne3 27. Re1 Ba6 28. Bc1 Bb5 29. Nb2 c4 30. Qf2 Qc6 31. Nd1 Nxc2 32. Re2 d3 33.
Be3 dxe2 34. Qxe2 Nxe3 0-1

[Event "Open Vysočina 2017"]
[Site "Třebíč"]
[Date "2017.09.29"]
[Round "8"]
[White "Aird, Ian"]
[Black "Rychtecky, Pavel"]
[Result "0-1"]
[WhiteElo "1809"]
[BlackElo "1527"]
[PlyCount "52"]
[EventDate "2017.09.23"]

1. c4 {[%emt 0:00:00]} e6 2. Nc3 Nf6 3. e4 d6 4. Nf3 c5 5. d4 cxd4 6. Nxd4 a6
7. Bd3 Be7 8. O-O O-O 9. Be3 Nbd7 10. f4 Qc7 11. Qf3 Rb8 12. Rae1 b6 13. Qh3
Nc5 14. Bb1 e5 15. Nf5 Kh8 16. Qg3 g6 17. Nxe7 Qxe7 18. f5 gxf5 19. exf5 Rg8
20. Qh4 Bb7 21. g3 Rg4 22. Qh6 Rbg8 23. Nd5 Bxd5 24. cxd5 Ncd7 25. Kg2 Nxd5 26.
Bd2 Rh4 0-1

[Event "Open Vysočina 2017"]
[Site "Třebíč"]
[Date "2017.09.29"]
[Round "8"]
[White "Dhruv, Easwar"]
[Black "Zeleny, Tomas"]
[Result "1/2-1/2"]
[WhiteElo "1781"]
[BlackElo "1688"]
[PlyCount "69"]
[EventDate "2017.09.23"]

1. e4 {[%emt 0:00:00]} c5 2. c3 e6 3. d4 d5 4. exd5 exd5 5. Nf3 Nc6 6. Be2 Nf6
7. Bg5 Be7 8. dxc5 h6 9. Bxf6 Bxf6 10. O-O O-O 11. Nbd2 Re8 12. Nb3 Bg4 13. Re1
Qd7 14. h3 Bh5 15. Ne5 Bxe5 16. Bxh5 d4 17. Bg4 Qd8 18. cxd4 Nxd4 19. Rxe5 Rxe5
20. Nxd4 Rd5 21. Qb3 Rxd4 22. Qxb7 Rb8 23. Qxa7 Rxb2 24. Re1 Qf6 25. Bf3 Rdd2
26. c6 Rxa2 27. Qb8+ Kh7 28. c7 Rxf2 29. Qb1+ g6 30. Qxa2 Rxa2 31. c8=Q Qd4+
32. Kh1 Qf2 33. Qc3 Rc2 34. Qa1 Ra2 35. Qc3 1/2-1/2

[Event "Open Vysočina 2017"]
[Site "Třebíč"]
[Date "2017.09.29"]
[Round "8"]
[White "Tarimo, Didik Widiarso"]
[Black "Stork, Rostislav"]
[Result "0-1"]
[WhiteElo "1542"]
[BlackElo "1764"]
[PlyCount "48"]
[EventDate "2017.09.23"]

1. d4 Nf6 2. Bf4 g6 3. Nf3 Bg7 4. e3 O-O 5. c4 c5 6. Be2 d5 7. O-O Qb6 8. Nc3
dxc4 9. Bxc4 Nc6 10. Nb5 Ne8 11. dxc5 Qxc5 12. Rc1 Qh5 13. Nc3 Nf6 14. a3 h6
15. b4 a6 16. h3 Rd8 17. Qe2 g5 18. Bc7 g4 19. Nh2 Qg5 20. hxg4 Nxg4 21. Nxg4
Bxg4 22. f3 Nd4 23. exd4 Bxd4+ 24. Kh2 Qh4# 0-1

[Event "Open Vysočina 2017"]
[Site "Třebíč"]
[Date "2017.09.29"]
[Round "8"]
[White "Michalek, Miroslav"]
[Black "Ruzicka, Vaclav"]
[Result "0-1"]
[WhiteElo "1720"]
[BlackElo "1528"]
[PlyCount "44"]
[EventDate "2017.09.23"]

1. e4 {[%emt 0:00:00]} c6 2. d4 d5 3. Nc3 dxe4 4. Nxe4 Nd7 5. Qe2 Qc7 6. Nf3
Ngf6 7. c3 Nxe4 8. Qxe4 Nf6 9. Qc2 g6 10. Ne5 Bf5 11. Bd3 Bxd3 12. Qxd3 Bg7 13.
Bf4 Qc8 14. O-O-O O-O 15. h4 Ng4 16. Qg3 Nxe5 17. dxe5 h5 18. Bg5 Qe6 19. f4 f6
20. exf6 exf6 21. f5 Qxa2 22. Bh6 Bxh6+ 0-1

[Event "Open Vysočina 2017"]
[Site "Třebíč"]
[Date "2017.09.29"]
[Round "8"]
[White "Reimer, Karl"]
[Black "Palla, Ivan"]
[Result "1/2-1/2"]
[WhiteElo "1537"]
[BlackElo "1550"]
[PlyCount "30"]
[EventDate "2017.09.23"]

1. b4 {[%emt 0:00:00]} e5 2. Bb2 d6 3. c4 Nf6 4. Nc3 Be7 5. e3 O-O 6. Be2 Nbd7
7. Nf3 b6 8. O-O Bb7 9. d3 c5 10. b5 h6 11. e4 Nh7 12. Bc1 Ng5 13. Be3 Ne6 14.
Re1 Nd4 15. Bf1 Nf6 1/2-1/2

[Event "Open Vysočina 2017"]
[Site "Třebíč"]
[Date "2017.09.29"]
[Round "8"]
[White "Micka, Josef"]
[Black "Zacharias, Miroslav"]
[Result "0-1"]
[WhiteElo "1345"]
[BlackElo "1777"]
[PlyCount "100"]
[EventDate "2017.09.23"]

1. Nf3 Nf6 2. c4 g6 3. b3 Bg7 4. Bb2 O-O 5. g3 d6 6. Bg2 e5 7. e3 c6 8. O-O Bg4
9. h3 Be6 10. d4 exd4 11. Nxd4 Bc8 12. f4 Qe7 13. Qe2 Re8 14. Nc2 Bf5 15. Nd4
Bxb1 16. Raxb1 Qxe3+ 17. Qxe3 Rxe3 18. Nf3 Na6 19. Bd4 Ree8 20. Rfe1 Nc5 21.
Rbd1 Nfe4 22. Bxc5 dxc5 23. Ne5 Bxe5 24. Rxe4 Bd4+ 25. Kh2 Rxe4 26. Bxe4 f5 27.
Bf3 Re8 28. Kg2 Re7 29. g4 Kg7 30. gxf5 gxf5 31. h4 Kf6 32. a4 a5 33. h5 h6 34.
Rd3 Re1 35. Rd1 Re3 36. Rb1 Rc3 37. Kg3 Rd3 38. Kg2 Be3 39. Rd1 Rxd1 40. Bxd1
Bxf4 41. Kf3 Ke5 42. Bc2 Bc1 43. Bb1 f4 44. Bc2 Kd4 45. Bd1 Kd3 46. Kg2 Kd2 47.
Bg4 Kc2 48. Bc8 Kxb3 49. Bxb7 Kxa4 50. Bxc6+ Kb3 0-1

[Event "Open Vysočina 2017"]
[Site "Třebíč"]
[Date "2017.09.29"]
[Round "8"]
[White "Sebek, Pavel"]
[Black "Zeleny, Ondrej"]
[Result "0-1"]
[WhiteElo "1487"]
[BlackElo "1356"]
[PlyCount "84"]
[EventDate "2017.09.23"]

1. e4 c5 2. Nf3 d6 3. d4 cxd4 4. Nxd4 Nf6 5. Nc3 g6 6. Be2 Bg7 7. Be3 O-O 8.
O-O Nc6 9. Qd2 Re8 10. Rad1 Nxd4 11. Bxd4 Bd7 12. Qc1 Rc8 13. e5 dxe5 14. Bxe5
e6 15. Bb5 a6 16. Bxd7 Nxd7 17. Bxg7 Kxg7 18. Rd3 Qc7 19. Re1 b5 20. Re2 Nc5
21. Rh3 Kg8 22. Qh6 f6 23. Qc1 b4 24. Nd1 Red8 25. Ne3 Nd3 26. Qb1 Nf4 27. Re1
Nxh3+ 28. gxh3 Rd2 29. Qc1 Rcd8 30. a3 Qf4 31. Rf1 bxa3 32. bxa3 Re2 33. Qb1
Rdd2 34. Nd1 Qg5+ 35. Kh1 Qd5+ 36. Kg1 Rxc2 37. Ne3 Rb2 38. Qc1 Qg5+ 39. Kh1
Rxf2 40. Qc8+ Kg7 41. Qd7+ Kh6 42. Ng4+ Qxg4 0-1

[Event "Open Vysočina 2017"]
[Site "Třebíč"]
[Date "2017.09.29"]
[Round "8"]
[White "Kovacs, Ivan"]
[Black "Norlander, Svante"]
[Result "1-0"]
[WhiteElo "1552"]
[BlackElo "1583"]
[PlyCount "49"]
[EventDate "2017.09.23"]

1. d4 {[%emt 0:00:00]} d5 2. e3 c5 3. Nf3 Nc6 4. Bb5 e6 5. Bxc6+ bxc6 6. Ne5
Qb6 7. Qf3 Nf6 8. O-O cxd4 9. exd4 Bb7 10. c3 Be7 11. b4 O-O 12. Bg5 a5 13.
Bxf6 Bxf6 14. Nd7 Qd8 15. Nxf8 Qxf8 16. bxa5 Rxa5 17. Nd2 c5 18. Nb3 Rb5 19.
Nxc5 Ba8 20. Rfb1 Rxb1+ 21. Rxb1 Qd6 22. a4 e5 23. Qg4 Qd8 24. Nd7 Kh8 25. Rb8
1-0

[Event "Open Vysočina 2017"]
[Site "Třebíč"]
[Date "2017.09.29"]
[Round "8"]
[White "Divis, Jan"]
[Black "Zelena, Irena"]
[Result "1-0"]
[WhiteElo "1570"]
[BlackElo "1164"]
[PlyCount "73"]
[EventDate "2017.09.23"]

1. d4 {[%emt 0:00:00]} d5 2. Bf4 Nc6 3. e3 a6 4. Nd2 e6 5. Ngf3 Be7 6. c3 g5 7.
Bg3 Nf6 8. Ne5 Rg8 9. Be2 h5 10. h3 Bd6 11. Bxh5 Ne7 12. Bxf7+ Kf8 13. Bxg8
Nexg8 14. h4 g4 15. Nxg4 c5 16. Ne5 Qe8 17. h5 Ke7 18. h6 Kd8 19. h7 Nxh7 20.
Rxh7 Be7 21. Ndf3 Kc7 22. Ng6+ Kb6 23. Qc2 Nf6 24. Rxe7 Qb5 25. Qb3 c4 26.
Qxb5+ axb5 27. Bc7+ Ka6 28. a4 b4 29. cxb4 b6 30. b5+ Ka5 31. Be5 Ne4 32. Re8
Kb4 33. Nd2 Nxd2 34. Kxd2 Kb3 35. Kc1 Kb4 36. Bd6+ Kb3 37. Ra3# 1-0

[Event "Open Vysočina 2017"]
[Site "Třebíč"]
[Date "2017.09.30"]
[Round "9"]
[White "Bick, Gabriel J"]
[Black "Siebenburger, Vlastimil"]
[Result "1-0"]
[WhiteElo "2264"]
[BlackElo "2059"]
[PlyCount "81"]
[EventDate "2017.09.23"]

1. e4 {[%emt 0:00:00]} c5 2. Nf3 Nc6 3. Bb5 g6 4. Bxc6 dxc6 5. d3 Bg7 6. h3 e5
7. a4 b6 8. Be3 Qd6 9. Na3 Ne7 10. Qd2 h6 11. Qc3 Qc7 12. a5 Rb8 13. O-O O-O
14. axb6 axb6 15. Nc4 f6 16. Rfb1 f5 17. Bd2 g5 18. Qb3 Kh7 19. Bc3 Ng6 20.
exf5 Bxf5 21. Re1 Be6 22. Qa3 Bxc4 23. dxc4 Rxf3 24. gxf3 Qc8 25. Bd2 Qxh3 26.
f4 Qf5 27. Qd3 Qxd3 28. cxd3 gxf4 29. Ra7 Nh4 30. Kf1 Nf3 31. Rd1 Kg6 32. Bc3
Bf6 33. Ke2 Ng5 34. Rc7 Kf5 35. Rh1 Rd8 36. f3 b5 37. cxb5 cxb5 38. Rxc5 Rb8
39. Rxh6 Ne6 40. Rd5 b4 41. Rxf6+ 1-0

[Event "Open Vysočina 2017"]
[Site "Třebíč"]
[Date "2017.09.30"]
[Round "9"]
[White "Piankov, Evgenij"]
[Black "Plischki, Sebastian"]
[Result "0-1"]
[WhiteElo "2258"]
[BlackElo "2397"]
[PlyCount "106"]
[EventDate "2017.09.23"]

1. d4 e6 2. c4 c5 3. Nf3 cxd4 4. Nxd4 a6 5. e3 Nf6 6. Nc3 Be7 7. Be2 O-O 8. O-O
Qc7 9. Qd3 d6 10. b3 Nbd7 11. Bb2 b6 12. Qd2 Bb7 13. Bf3 Rac8 14. Rac1 Bxf3 15.
Nxf3 Qb7 16. Qe2 Rc7 17. Nd4 Rfc8 18. Rfd1 Ne4 19. Nxe4 Qxe4 20. Qf3 Qxf3 21.
Nxf3 Kf8 22. Kf1 f5 23. Ke2 Kf7 24. Ne1 g6 25. Nf3 e5 26. Ba3 Ke6 27. Nd2 b5
28. Bb2 Nb6 29. cxb5 Rc2 30. Rxc2 Rxc2 31. Rb1 axb5 32. Kd1 Rc7 33. Rc1 Rxc1+
34. Kxc1 d5 35. Kc2 g5 36. Nb1 b4 37. a4 Nd7 38. Bc1 g4 39. Bd2 h5 40. Be1 h4
41. Nd2 e4 42. f4 exf3 43. gxf3 Ne5 44. fxg4 fxg4 45. a5 Kd7 46. Bf2 Kc6 47. a6
g3 48. hxg3 h3 49. Bg1 Bc5 50. Nf1 Nf3 51. Bh2 Nxh2 52. Nxh2 Bxe3 53. Nf3 Bg1
0-1

[Event "Open Vysočina 2017"]
[Site "Třebíč"]
[Date "2017.09.30"]
[Round "9"]
[White "Tesar, Jan"]
[Black "Certek, Pavel"]
[Result "0-1"]
[WhiteElo "2118"]
[BlackElo "2277"]
[PlyCount "94"]
[EventDate "2017.09.23"]

1. d4 Nf6 2. c4 g6 3. f3 e5 4. dxe5 Nh5 5. Nh3 Nc6 6. Bg5 Be7 7. Bxe7 Qxe7 8.
Nc3 Nxe5 9. Qd4 c5 10. Qe3 Nxc4 11. Qxe7+ Kxe7 12. Nd5+ Kf8 13. O-O-O Nb6 14.
g4 Ng7 15. Nc7 Rb8 16. Nb5 d5 17. e4 a6 18. Nc7 d4 19. b4 cxb4 20. Rxd4 Bxg4
21. fxg4 Rc8 22. Rxb4 Rxc7+ 23. Kb2 Nd7 24. Be2 Ne6 25. Rc1 Rxc1 26. Kxc1 b5
27. a4 bxa4 28. Bxa6 Ndc5 29. Bc4 Ke7 30. Kb2 Ra8 31. Ka3 Ra7 32. Bd5 Kd6 33.
Ng1 Nf4 34. Rb6+ Ke7 35. Bc6 Nfd3 36. Nf3 Kf8 37. Bd5 Nf2 38. Ng5 Kg7 39. Rc6
Ncd3 40. Rc3 Ne5 41. h3 Nd1 42. Rg3 Rc7 43. Kxa4 h6 44. Nf3 Rc3 45. Bb3 Nf2 46.
Nxe5 Rxg3 47. Bxf7 Kf6 0-1

[Event "Open Vysočina 2017"]
[Site "Třebíč"]
[Date "2017.09.30"]
[Round "9"]
[White "Pribyl, Josef"]
[Black "Vincze, Roman"]
[Result "1/2-1/2"]
[WhiteElo "2263"]
[BlackElo "2099"]
[PlyCount "118"]
[EventDate "2017.09.23"]

1. d4 {[%emt 0:00:00]} d5 2. Bf4 Bf5 3. e3 c6 4. Nf3 e6 5. Be2 Nd7 6. Nbd2 h6
7. c4 dxc4 8. Bxc4 Ngf6 9. h3 Be7 10. a3 O-O 11. g4 Bg6 12. Rg1 Ne4 13. Nxe4
Bxe4 14. Bd3 Qa5+ 15. Ke2 Qd5 16. Bxe4 Qxe4 17. g5 h5 18. Rc1 g6 19. Ne5 Nxe5
20. Bxe5 Rad8 21. f4 c5 22. Qc2 Qc6 23. dxc5 Rd5 24. b4 Rfd8 25. Bc3 Rd3 26.
Qxd3 Rxd3 27. Kxd3 Qf3 28. h4 Bf8 29. Bd4 a6 30. Rgf1 Qc6 31. Rc4 Bg7 32. Rfc1
Qa4 33. Bxg7 Kxg7 34. R4c3 Qc6 35. Kc2 e5 36. Kb2 Qe4 37. Rd1 exf4 38. Rd4 Qg2+
39. Rc2 Qg3 40. Rxf4 Qxe3 41. Rcf2 Qe5+ 42. Kc2 f5 43. gxf6+ Kf7 44. Kb3 g5 45.
hxg5 Qxg5 46. Kc3 h4 47. Re4 Qc1+ 48. Kd4 Qd1+ 49. Kc4 Qc1+ 50. Kd4 Qa1+ 51.
Kc4 Qxa3 52. Re7+ Kf8 53. f7 Qc1+ 54. Kd4 Qd1+ 55. Kc3 Qc1+ 56. Kd4 Qa1+ 57.
Kc4 Qc1+ 58. Kd4 Qd1+ 59. Kc3 Qa1+ 1/2-1/2

[Event "Open Vysočina 2017"]
[Site "Třebíč"]
[Date "2017.09.30"]
[Round "9"]
[White "Heppell, Ian N"]
[Black "Bartos, Jan"]
[Result "0-1"]
[WhiteElo "2034"]
[BlackElo "2209"]
[PlyCount "50"]
[EventDate "2017.09.23"]

1. e4 {[%emt 0:00:00]} e6 2. d4 d5 3. exd5 exd5 4. Bd3 c5 5. Qe2+ Be7 6. dxc5
Nf6 7. Nf3 O-O 8. O-O Re8 9. Bg5 Bxc5 10. Bxf6 gxf6 11. Qd2 f5 12. Nc3 Be6 13.
Rfe1 Nc6 14. Qh6 Bf8 15. Qh5 Qf6 16. Nh4 Nb4 17. Bxf5 Bxf5 18. Nxf5 Nxc2 19.
Rxe8 Rxe8 20. Rd1 Re5 21. g4 d4 22. Nb1 d3 23. Nd2 Nd4 24. Nc4 Ne2+ 25. Kf1 Qc6
0-1

[Event "Open Vysočina 2017"]
[Site "Třebíč"]
[Date "2017.09.30"]
[Round "9"]
[White "Walek, Petr"]
[Black "Lampir, Tomas"]
[Result "0-1"]
[WhiteElo "2167"]
[BlackElo "2077"]
[PlyCount "118"]
[EventDate "2017.09.23"]

1. e4 {[%emt 0:00:00]} e5 2. Nf3 Nc6 3. Bb5 f5 4. Nc3 fxe4 5. Nxe4 Nf6 6. Nxf6+
Qxf6 7. Qe2 Be7 8. Bxc6 dxc6 9. Nxe5 Bf5 10. O-O O-O-O 11. d3 Rhe8 12. f4 g5
13. Qf2 Rd5 14. d4 g4 15. c4 Rdd8 16. Be3 h5 17. Rfd1 Bd6 18. Qe1 Bxe5 19. dxe5
Qe6 20. b3 Rg8 21. Bf2 g3 22. Bxg3 Bg4 23. Rxd8+ Rxd8 24. Qe3 b6 25. Bh4 Rd7
26. Re1 Bf5 27. h3 Kb7 28. Kh2 Rd3 29. Qe2 Rc3 30. Qxh5 Bxh3 31. Qd1 Bxg2 32.
Kxg2 Qh3+ 33. Kg1 Qxh4 34. Re2 Qg4+ 35. Kf1 Rf3+ 36. Ke1 Qg3+ 37. Kd2 Rd3+ 38.
Kc2 Rxd1 39. Kxd1 Qxf4 40. e6 Qd4+ 41. Kc2 Qg4 42. Kd1 Qg1+ 43. Re1 Qd4+ 44.
Kc2 Qf2+ 45. Kd1 Qf3+ 46. Re2 Qd3+ 47. Ke1 Qc3+ 48. Kf1 Qf6+ 49. Ke1 Qe7 50.
Kd1 c5 51. Kc2 Kc6 52. Kd1 Kd6 53. Re1 c6 54. Re2 Kc7 55. Kc2 Kd8 56. Kd1 Ke8
57. Rh2 Qd6+ 58. Rd2 Qf4 59. Re2 Ke7 0-1

[Event "Open Vysočina 2017"]
[Site "Třebíč"]
[Date "2017.09.30"]
[Round "9"]
[White "Freeland, Alex"]
[Black "Navratil-Sen., Jiri"]
[Result "0-1"]
[WhiteElo "1988"]
[BlackElo "2013"]
[PlyCount "124"]
[EventDate "2017.09.23"]

1. c4 c6 2. Nf3 Nf6 3. g3 d5 4. Bg2 Bf5 5. b3 e6 6. O-O Nbd7 7. Bb2 h6 8. Nc3
Be7 9. Re1 O-O 10. d3 Qa5 11. e4 dxe4 12. dxe4 Bg4 13. Qc2 e5 14. a3 Rfe8 15.
b4 Qc7 16. Nd1 b6 17. Ne3 Be6 18. Nf5 Bf8 19. Qc3 g6 20. N5h4 Nh7 21. Nd2 Be7
22. Nhf3 Bf6 23. a4 a5 24. b5 cxb5 25. cxb5 Qxc3 26. Bxc3 Rac8 27. Rac1 Ng5 28.
Bb2 Nxf3+ 29. Nxf3 Bb3 30. Rxc8 Rxc8 31. Bh3 Rc2 32. Ba1 Nc5 33. Nxe5 Bxa4 34.
Nd7 Bxa1 35. Rxa1 Bxb5 36. Nxb6 Nxe4 37. Rxa5 Rc1+ 38. Kg2 Bf1+ 39. Kf3 Ng5+
40. Rxg5 hxg5 41. Bxf1 Rxf1 42. Nc4 Rh1 43. Kg2 Re1 44. Ne3 Kg7 45. g4 Kf6 46.
Kf3 Rh1 47. Kg2 Rc1 48. h3 Ke5 49. Kf3 Rc3 50. Kg2 Ke4 51. Nf1 Kd3 52. Ng3 Rc4
53. Kf1 Kd2 54. Ne2 Re4 55. Ng3 Rb4 56. Kg2 Ke1 57. Nh1 Rf4 58. Kg1 f5 59. gxf5
gxf5 60. Kg2 Ra4 61. Kg1 f4 62. Kg2 Ra3 0-1

[Event "Open Vysočina 2017"]
[Site "Třebíč"]
[Date "2017.09.30"]
[Round "9"]
[White "Leutwyler, Mathias"]
[Black "Spanton, Tim R"]
[Result "1-0"]
[WhiteElo "2103"]
[BlackElo "1858"]
[PlyCount "169"]
[EventDate "2017.09.23"]

1. c4 c5 2. Nc3 Nc6 3. g3 g6 4. Bg2 Bg7 5. e3 Bxc3 6. bxc3 f5 7. Ne2 d6 8. Nf4
e6 9. h4 Nf6 10. d3 Qc7 11. Bd2 Bd7 12. Rb1 Rb8 13. O-O Kf7 14. f3 Ne5 15. Qe2
Rbe8 16. Bh3 Kg7 17. Rf2 Bc6 18. e4 Rhf8 19. d4 Nf7 20. exf5 exf5 21. Qf1 Bd7
22. Re2 Rxe2 23. Qxe2 Re8 24. Qf1 Nd8 25. d5 Nf7 26. Nd3 Ne5 27. Nxe5 dxe5 28.
Qc1 b6 29. Bh6+ Kh8 30. Bg5 Qd6 31. Bxf6+ Qxf6 32. Qg5 Qxg5 33. hxg5 e4 34. f4
Kg7 35. Bg2 Kf7 36. Kf2 Ke7 37. Rh1 Rh8 38. Ke3 Kf7 39. g4 Kg7 40. gxf5 Bxf5
41. Bh3 h5 42. gxh6+ Rxh6 43. Bg2 Rxh1 44. Bxh1 Kf6 45. Bxe4 Bc8 46. Kf3 Bd7
47. Kg3 Bc8 48. Kh4 Ba6 49. Bd3 Bc8 50. a3 Bd7 51. Be4 Bc8 52. Bb1 Bb7 53. Bc2
Bc8 54. Ba4 Bf5 55. d6 Bd3 56. Bb5 Be4 57. d7 Ke7 58. Kg5 Bc2 59. Bc6 Bd3 60.
Bd5 Kxd7 61. Bf7 Ke7 62. Bxg6 Bxc4 63. Be4 Bf7 64. Kf5 Be6+ 65. Ke5 Bc4 66. f5
Bb3 67. f6+ Kf7 68. Bf3 b5 69. Bh5+ Kf8 70. Kd6 c4 71. Kc5 Ba4 72. Kb4 Kg8 73.
Bg6 Kf8 74. Ka5 Kg8 75. Ka6 Kf8 76. Kxa7 Kg8 77. Kb6 Kf8 78. Kc5 Kg8 79. Kd6
Kf8 80. Ke6 Bd1 81. Kd6 Ba4 82. Kc5 Kg8 83. Kb4 Kf8 84. Bh5 Kg8 85. Be2 1-0

[Event "Open Vysočina 2017"]
[Site "Třebíč"]
[Date "2017.09.30"]
[Round "9"]
[White "Svizensky, Lubos"]
[Black "Pavlis, Jaromir"]
[Result "1/2-1/2"]
[WhiteElo "1976"]
[BlackElo "1879"]
[PlyCount "34"]
[EventDate "2017.09.23"]

1. d4 d5 2. Nf3 Nf6 3. c4 e6 4. Nc3 dxc4 5. e3 c6 6. Bxc4 Bb4 7. O-O O-O 8. a3
Bxc3 9. bxc3 Nbd7 10. Bd3 Qc7 11. e4 e5 12. Bg5 exd4 13. cxd4 h6 14. Bd2 Re8
15. Re1 Nf8 16. h3 Ne6 17. Bc3 Nf4 1/2-1/2

[Event "Open Vysočina 2017"]
[Site "Třebíč"]
[Date "2017.09.30"]
[Round "9"]
[White "Mezlik, Stanislav"]
[Black "Brasoy, Aksel"]
[Result "1-0"]
[WhiteElo "1903"]
[BlackElo "1964"]
[PlyCount "69"]
[EventDate "2017.09.23"]

1. d4 {[%emt 0:00:00]} Nf6 2. c4 e6 3. Nc3 Bb4 4. Nf3 c5 5. g3 O-O 6. Bg2 cxd4
7. Nxd4 d5 8. Qb3 Nc6 9. Nxc6 Bxc3+ 10. Qxc3 bxc6 11. O-O Ba6 12. b3 Qb6 13.
Ba3 Rfc8 14. Rfd1 Bb7 15. Bb2 c5 16. cxd5 exd5 17. Bxd5 Bxd5 18. Rxd5 Rc6 19.
e3 Rac8 20. Rad1 h6 21. Re5 c4 22. b4 Rd6 23. Red5 Rdc6 24. b5 Re6 25. a4 Ne8
26. R1d4 Rg6 27. Rxc4 Rxc4 28. Qxc4 Nf6 29. Rc5 Qd6 30. Qd4 Qe6 31. Qd8+ Kh7
32. Rc8 Rg4 33. Bxf6 Qxf6 34. Qxf6 gxf6 35. f4 1-0

[Event "Open Vysočina 2017"]
[Site "Třebíč"]
[Date "2017.09.30"]
[Round "9"]
[White "Haag, Guenter"]
[Black "Ruzicka, Vaclav"]
[Result "1-0"]
[WhiteElo "1978"]
[BlackElo "1528"]
[PlyCount "111"]
[EventDate "2017.09.23"]

1. e4 c6 2. d4 d5 3. exd5 cxd5 4. c4 Nf6 5. Nf3 e6 6. Nc3 Nc6 7. Bg5 Be7 8. Be2
O-O 9. O-O h6 10. Bh4 a6 11. c5 b5 12. Rc1 Bb7 13. Re1 b4 14. Na4 Nd7 15. Bxe7
Qxe7 16. Bd3 Rac8 17. Qe2 a5 18. b3 Rfe8 19. Bb5 f6 20. Qd3 Qf7 21. Rcd1 Rcd8
22. Re3 e5 23. dxe5 Ndxe5 24. Nxe5 Rxe5 25. Nb6 Rxe3 26. fxe3 Ne7 27. Bc4 f5
28. e4 fxe4 29. Qxe4 Kh8 30. Qc2 Qf4 31. Qd2 Qxd2 32. Rxd2 Kg8 33. Bb5 d4 34.
Bd7 Nc6 35. Be6+ Kf8 36. Bd5 g5 37. Rf2+ Ke8 38. Rd2 Ke7 39. Kf1 Rf8+ 40. Rf2
Rxf2+ 41. Kxf2 Nd8 42. Bxb7 Nxb7 43. c6 Nd6 44. c7 Ke6 45. c8=Q+ Nxc8 46. Nxc8
Kd5 47. Nb6+ Ke4 48. Ke2 d3+ 49. Kd2 h5 50. Nc4 h4 51. Nxa5 g4 52. Nc6 h3 53.
gxh3 gxh3 54. Nxb4 Kf3 55. Nxd3 Kg2 56. Nf4+ 1-0

[Event "Open Vysočina 2017"]
[Site "Třebíč"]
[Date "2017.09.30"]
[Round "9"]
[White "Svoboda, Ivo"]
[Black "Stork, Rostislav"]
[Result "1/2-1/2"]
[WhiteElo "1949"]
[BlackElo "1764"]
[PlyCount "47"]
[EventDate "2017.09.23"]

1. e4 e5 2. Nf3 Nf6 3. Nxe5 d6 4. Nf3 Nxe4 5. Nc3 Nxc3 6. dxc3 Be7 7. Be3 Nc6
8. Qd2 Be6 9. O-O-O Qd7 10. Kb1 a6 11. h3 O-O-O 12. Nd4 Bf6 13. Be2 Kb8 14. Bf3
Ne5 15. Rhe1 Rhe8 16. b3 Nxf3 17. Nxf3 b6 18. Bd4 Bxd4 19. cxd4 Bd5 20. Qf4
Bxf3 21. Qxf3 Rxe1 22. Rxe1 Re8 23. Rxe8+ Qxe8 24. Kb2 1/2-1/2

[Event "Open Vysočina 2017"]
[Site "Třebíč"]
[Date "2017.09.30"]
[Round "9"]
[White "Kalveus, Jan"]
[Black "Keerthana, Easwar"]
[Result "0-1"]
[WhiteElo "1867"]
[BlackElo "1159"]
[PlyCount "92"]
[EventDate "2017.09.23"]

1. d4 Nf6 2. Nf3 e6 3. c4 b6 4. Nc3 Bb7 5. Bg5 Be7 6. Bxf6 Bxf6 7. e4 d6 8. e5
dxe5 9. dxe5 Qxd1+ 10. Rxd1 Bxf3 11. exf6 Bxd1 12. fxg7 Rg8 13. Kxd1 Nd7 14.
Nb5 O-O-O 15. Nxa7+ Kb7 16. Nb5 Rxg7 17. Kc2 Nc5 18. f3 f5 19. b4 Na6 20. a3
Rgd7 21. f4 Rd2+ 22. Kb3 Rd1 23. g3 c6 24. Nc3 R1d2 25. h3 Rf2 26. g4 Rxf4 27.
gxf5 exf5 28. Rg1 Nc7 29. Bg2 Ne6 30. b5 Nd4+ 31. Kb2 Nf3 32. Bxf3 Rxf3 33.
Rg7+ Kc8 34. bxc6 Rd2+ 35. Kc1 Rh2 36. Nd1 Rxa3 37. Kb1 Raxh3 38. Nb2 f4 39.
Na4 Rh1+ 40. Kc2 R3h2+ 41. Kc3 Rc1+ 42. Kd4 Rd2+ 43. Ke5 Rb1 44. Rb7 f3 45. Nc5
f2 46. Na6 Re1+ 0-1

[Event "Open Vysočina 2017"]
[Site "Třebíč"]
[Date "2017.09.30"]
[Round "9"]
[White "Oburka, Vladislav"]
[Black "Rychtecky, Pavel"]
[Result "1-0"]
[WhiteElo "1808"]
[BlackElo "1527"]
[PlyCount "89"]
[EventDate "2017.09.23"]

1. e4 {[%emt 0:00:00]} e5 2. Nf3 Nc6 3. Bb5 a6 4. Ba4 Bc5 5. O-O b5 6. Bb3 Nf6
7. d3 O-O 8. c3 Bb6 9. Nbd2 d6 10. h3 h6 11. Re1 Re8 12. Nf1 Na5 13. Bc2 c5 14.
Ng3 Nc6 15. Bb3 Be6 16. Bxe6 fxe6 17. Nh2 Qd7 18. Ng4 Rf8 19. a4 b4 20. Be3 a5
21. Kh1 Qf7 22. Rf1 Rad8 23. f4 Qg6 24. f5 Qe8 25. Qe2 d5 26. Bd2 d4 27. c4 Rd7
28. Nxf6+ Rxf6 29. Qg4 exf5 30. exf5 Kh8 31. Ne4 Rf8 32. f6 Rg8 33. Qf5 Nd8 34.
Rf3 Qe6 35. Qh5 Qf7 36. Qh4 Ne6 37. Rg3 h5 38. Rf1 g6 39. Rgf3 Bc7 40. Bh6 Bd8
41. Bg5 Re8 42. g4 Rg8 43. Bd2 Bc7 44. gxh5 Bb6 45. hxg6+ 1-0

[Event "Open Vysočina 2017"]
[Site "Třebíč"]
[Date "2017.09.30"]
[Round "9"]
[White "Svoboda, Frantisek"]
[Black "Dhruv, Easwar"]
[Result "1/2-1/2"]
[WhiteElo "1725"]
[BlackElo "1781"]
[PlyCount "55"]
[EventDate "2017.09.23"]

1. Nf3 d5 2. g3 e6 3. Bg2 Nf6 4. O-O Bd6 5. d3 c5 6. b3 O-O 7. Bb2 Nbd7 8. e3
Qc7 9. c4 dxc4 10. bxc4 a6 11. Nc3 Ne5 12. Nxe5 Bxe5 13. f4 Bxc3 14. Bxc3 Qe7
15. Rb1 Ra7 16. g4 e5 17. f5 b5 18. g5 Nd7 19. Qg4 b4 20. Bb2 Re8 21. Bc6 Qd6
22. Qe4 Rc7 23. Bxd7 Rxd7 24. d4 cxd4 25. exd4 Bb7 26. d5 Qc5+ 27. Rf2 f6 28.
g6 1/2-1/2